Landeshauptstadt nach Flagge des Bundesland - Statistiken

Allgemein
  • Dieses Quiz wurde 36 mal gespielt
  • Das Durchschnittsergebnis liegt bei 15 aus 16
Antwortstatistiken
Bildquiz Antwort % Korrekt
Berlin
100%
Düsseldorf
97%
Hannover
97%
München
97%
Hamburg
94%
Saarbrücken
94%
Stuttgart
94%
Erfurt
90%
Kiel
90%
Potsdam
90%
Bremen
87%
Dresden
87%
Magdeburg
87%
Mainz
87%
Schwerin
84%
Wiesbaden
84%
Keine übereinstimmenden Quizze gefunden
Verteilung der Resultate
Anzahl Personen mit jedem Resultat
Perzentil nach korrekt beantworteten Fragen
Ihre Resultats-Entwicklung
Sie haben dieses Quiz noch nicht gespielt